Дневник А. С. Пушкина 1833-1835: с комментариями Б. Л. Модзалевского, В. Ф. Саводника, М. Н. Сперанского

التفاصيل البيبلوغرافية
مؤلفون آخرون: Никитин С. А. (редактор)
اللغة:الروسية
منشور في: Москва, Три века, 1997
سلاسل:Пушкинская библиотека
الموضوعات:
التنسيق: كتاب
KOHA link:https://koha.lib.tpu.ru/cgi-bin/koha/opac-detail.pl?biblionumber=13954

MARC

LEADER 00000nam0a2200000 4500
001 13954
005 20231030185255.0
010 |a 5788100054 
035 |a (RuTPU)RU\TPU\book\14042 
035 |a BOOK00014110 
090 |a 13954 
100 |a 20011209d1997 m y0rusy50 ca 
101 0 |a rus 
102 |a RU 
105 |a y z 000ab 
200 1 |a Дневник А. С. Пушкина 1833-1835  |e с комментариями Б. Л. Модзалевского, В. Ф. Саводника, М. Н. Сперанского  |f Под ред. С. А. Никитина 
210 |a Москва  |c Три века  |d 1997 
215 |a 648 с. 
225 1 |a Пушкинская библиотека 
600 1 |a Пушкин  |g Александр Сергеевич  |c русский писатель, поэт  |f 1799 - 1837  |b А. С.  |2 stltpui  |3 (RuTPU)RU\TPU\pers\1026 
610 1 |a дневники 
610 1 |a комментарии 
675 |a 8Р1(092)Пушкин А.С.  |v 3 
702 1 |a Никитин  |b С. А.  |4 340 
801 0 |a RU  |b 63413507  |c 20011209  |g PSBO 
801 2 |a RU  |b 63413507  |c 20050406  |g PSBO 
942 |c BK